| 000 | 01308nam a2200277 i 4500 | ||
|---|---|---|---|
| 001 | 000030481 | ||
| 003 | RuMoIPM | ||
| 005 | 20260505132118.0 | ||
| 008 | 090318s2008----ru c rus | ||
| 020 | _a978-5-397-00200-4 | ||
| 040 |
_aRuMoIPM _brus _ercr |
||
| 041 | 0 | _arus | |
| 080 | _a001.891.573 | ||
| 080 | _a51(091) | ||
| 080 | _a930.85 | ||
| 080 | _a930.1 | ||
| 245 | 1 |
_aПроблемы математической истории _bматематическое моделирование исторических процессов _b[сборник статей] _cИн-т прикладной математики им. М. В. Келдыша РАН ; отв. ред. Г. Г. Малинецкий, А. В. Коротаев |
|
| 260 |
_aМосква _bURSS _bЛиброком _c2008 |
||
| 300 |
_a207 с. _bил., портр., табл. |
||
| 504 | _aБиблиогр. в конце ст. | ||
| 700 | 1 |
_aМалинецкий, Георгий Геннадьевич _eред. |
|
| 700 | 1 |
_aКоротаев, Андрей Витальевич _eред. |
|
| 710 | 2 | _aИнститут прикладной математики им. М. В. Келдыша (Москва) | |
| 720 | _4Конференция по математической истории (2007; Москва) | ||
| 942 | _cBK | ||
| 999 |
_c30481 _d30481 |
||